00195nam a2200085Ia 4500008004100000100002100041245002500062942000700087999001500094120527s9999 xx 000 0 und d aKEETON,T.William bBiological sciences. cBK c9278d9278